000 01521cam a22003011i 4500
003 SA-RiAUC
005 20251005120626.0
008 251004s1980 su g 00000 ara c
040 _aSA-RiAUC
_bara
_cSA-RiAUC
_erda
082 0 4 _a811.062
_qSA-RiAUC
090 _a811.062
_bب و ص
100 1 _aالبوصيري، محمد بن سعيد بن حماد،
_d608-696 هجري
_eمؤلف.
245 1 0 _aقصيدة البردة /
_cمحمد بن سعيد بن حماد البوصيري ؛ شرح أبي البركات بن الأنباري ؛ دراسة وتحقيق محمود حسن زيتي. يليه قصيدة بانت سعاد / لكعب بن زهير.
250 _aالطبعة الأولى.
264 1 _aجدة، السعودية :
_bتهامة،
_c1980
300 _a148 صفحة ؛
_c24 سم
336 _aنص
_btxt
_2rdacontent
_3كتاب
337 _aبدون وسيط
_bn
_2rdamedia
338 _aمجلد
_bnc
_2rdacarrier
650 7 _aالشعر العربي
_yعصر صدر الإسلام
_2aucsh
650 7 _aالشعر العربي
_yالعصر الأموي
_2aucsh
700 1 _aالأنباري، عبد الرحمن بن محمد بن عبيد الله،
_d513-577 هجري
_eشارح.
700 1 _aزيني، محمود حسن عبد الرحمن،
_d1358 هجري-
_eمحقق.
700 0 2 _aكعب بن زهير بن أبي سلمى المازني،
_dتوفي 26 هجري
740 0 2 _aقصيدة بانت سعاد.
942 _2ddc
_cBOOK
_n0
949 _aSA-JeALM
_d251004
_umohamedma123
_n1
999 _c12381
_d12381